000 00764nas a2200241 4500
001 BR0806798
003 BR-BrBNA
005 20231205112200.0
007 ta
008 230509b bl.|||p| |||| 00| 00por d
040 _aBR-BrBNA
_bpor
_cBiblioteca Nacional de Agricultura
041 _a(Pt)
072 _aP33; P34
100 1 _aSilva, L.B. da
100 1 _aDick, D.P.
100 1 _aInda Júnior, A.V.
245 1 _aSolos subtropicais de altitude:atributos químicos, teor de matéria orgânica e resistência à oxidação química
650 _aSOLO
650 _aÓXIDO DE FERRO
773 0 _tCiência Rural (Brazil)
_xISSN 0103-8478
_g(Jul 2008), v. 38(4) p. 1167-1171
_wBR0806798
909 _a202311
_bLúcia
_c55
_dLúcia Elande
942 _2AGRIS
_n0
_cANA
999 _c196562
_d196562